| 000 | 00700nam a22001577a 4500 | ||
|---|---|---|---|
| 003 | OSt | ||
| 005 | 20151203093315.0 | ||
| 008 | 151203b xxu||||| |||| 00| 0 eng d | ||
| 040 | _cRUA | ||
| 082 | _aFIS HOU 2004 B176 Or.1 | ||
| 100 |
_94185 _aHOUR, PENGAN. |
||
| 245 | _achange of phyto plannkton biomass in brackish water at royal university of agriculture (បំរែបំរួលប៊ីយ៉ូម៉ាស របស់ប្លង់តុងរុក្ខជាតិក្នុងទឹកភ្លាវនៅសាកលវិទ្យាល័យភូមិន្ទកសិកម្ម) | ||
| 260 |
_aPhnom Penh _bRUA _c2004 |
||
| 300 |
_aiv, 45p. _bill. _c29cm. |
||
| 942 |
_2ddc _cFIS |
||
| 999 |
_c3899 _d3899 |
||